<?xml version="1.0" encoding="UTF-8"?>
<record
    xmlns:xsi="http://www.w3.org/2001/XMLSchema-instance"
    xsi:schemaLocation="http://www.loc.gov/MARC21/slim http://www.loc.gov/standards/marcxml/schema/MARC21slim.xsd"
    xmlns="http://www.loc.gov/MARC21/slim">

  <leader>01016nam a22002297a 4500</leader>
  <controlfield tag="003">NALT</controlfield>
  <controlfield tag="005">20230914114755.0</controlfield>
  <controlfield tag="008">      s2547    th                  tha d</controlfield>
  <datafield tag="020" ind1=" " ind2=" ">
    <subfield code="a">9749248724</subfield>
  </datafield>
  <datafield tag="040" ind1=" " ind2=" ">
    <subfield code="a">NALT</subfield>
  </datafield>
  <datafield tag="041" ind1=" " ind2=" ">
    <subfield code="a">tha</subfield>
  </datafield>
  <datafield tag="050" ind1=" " ind2=" ">
    <subfield code="a">DS 586</subfield>
    <subfield code="b">&#xE2A;647 2547</subfield>
  </datafield>
  <datafield tag="245" ind1="0" ind2="0">
    <subfield code="a">3 &#xE17;&#xE28;&#xE27;&#xE23;&#xE23;&#xE29; 14 &#xE15;&#xE38;&#xE25;&#xE32;&#xE04;&#xE21; &#xE01;&#xE31;&#xE1A;&#xE1B;&#xE23;&#xE30;&#xE0A;&#xE32;&#xE18;&#xE34;&#xE1B;&#xE44;&#xE15;&#xE22; /</subfield>
    <subfield code="c">&#xE0A;&#xE32;&#xE0D;&#xE27;&#xE34;&#xE17;&#xE22;&#xE4C; &#xE40;&#xE01;&#xE29;&#xE15;&#xE23;&#xE28;&#xE34;&#xE23;&#xE34;, &#xE1A;&#xE23;&#xE23;&#xE13;&#xE32;&#xE18;&#xE34;&#xE01;&#xE32;&#xE23;.</subfield>
  </datafield>
  <datafield tag="260" ind1=" " ind2=" ">
    <subfield code="a">&#xE01;&#xE23;&#xE38;&#xE07;&#xE40;&#xE17;&#xE1E;&#xE2F; : </subfield>
    <subfield code="b">&#xE21;&#xE39;&#xE25;&#xE19;&#xE34;&#xE18;&#xE34;&#xE42;&#xE04;&#xE23;&#xE07;&#xE01;&#xE32;&#xE23;&#xE15;&#xE33;&#xE23;&#xE32;&#xE2A;&#xE31;&#xE07;&#xE04;&#xE21;&#xE28;&#xE32;&#xE2A;&#xE15;&#xE23;&#xE4C;&#xE41;&#xE25;&#xE30;&#xE21;&#xE19;&#xE38;&#xE29;&#xE22;&#xE28;&#xE32;&#xE2A;&#xE15;&#xE23;&#xE4C;, </subfield>
    <subfield code="c">2547.</subfield>
  </datafield>
  <datafield tag="300" ind1=" " ind2=" ">
    <subfield code="a">351 &#xE2B;&#xE19;&#xE49;&#xE32; :</subfield>
    <subfield code="b">&#xE20;&#xE32;&#xE1E;&#xE1B;&#xE23;&#xE30;&#xE01;&#xE2D;&#xE1A; ;</subfield>
    <subfield code="c">21 &#xE0B;&#xE21;.</subfield>
  </datafield>
  <datafield tag="650" ind1=" " ind2="4">
    <subfield code="a">&#xE1B;&#xE23;&#xE30;&#xE0A;&#xE32;&#xE18;&#xE34;&#xE1B;&#xE44;&#xE15;&#xE22; </subfield>
    <subfield code="9">6865</subfield>
    <subfield code="z">&#xE44;&#xE17;&#xE22;</subfield>
  </datafield>
  <datafield tag="653" ind1=" " ind2="4">
    <subfield code="a">&#xE40;&#xE2B;&#xE15;&#xE38;&#xE01;&#xE32;&#xE23;&#xE13;&#xE4C; 14 &#xE15;&#xE38;&#xE25;&#xE32;&#xE04;&#xE21; 2516</subfield>
  </datafield>
  <datafield tag="700" ind1="0" ind2=" ">
    <subfield code="a">&#xE0A;&#xE32;&#xE0D;&#xE27;&#xE34;&#xE17;&#xE22;&#xE4C; &#xE40;&#xE01;&#xE29;&#xE15;&#xE23;&#xE28;&#xE34;&#xE23;&#xE34;</subfield>
    <subfield code="9">541</subfield>
  </datafield>
  <datafield tag="850" ind1=" " ind2=" ">
    <subfield code="a">NALT</subfield>
  </datafield>
  <datafield tag="942" ind1=" " ind2=" ">
    <subfield code="c">GB</subfield>
    <subfield code="2">lcc</subfield>
  </datafield>
  <datafield tag="996" ind1=" " ind2=" ">
    <subfield code="a">saiphon.d</subfield>
    <subfield code="b">CATSTF	</subfield>
    <subfield code="c">2023-09-14</subfield>
  </datafield>
  <datafield tag="999" ind1=" " ind2=" ">
    <subfield code="c">43865</subfield>
    <subfield code="d">43865</subfield>
  </datafield>
  <datafield tag="998" ind1=" " ind2=" ">
    <subfield code="j">104</subfield>
    <subfield code="k"> &#xE19;&#xE32;&#xE07;&#xE2A;&#xE32;&#xE27;&#xE2A;&#xE32;&#xE22;&#xE1D;&#xE19;  &#xE14;&#xE35;&#xE07;&#xE32;&#xE21;</subfield>
  </datafield>
  <datafield tag="952" ind1=" " ind2=" ">
    <subfield code="0">0</subfield>
    <subfield code="1">0</subfield>
    <subfield code="2">lcc</subfield>
    <subfield code="4">0</subfield>
    <subfield code="7">0</subfield>
    <subfield code="8">CGBL</subfield>
    <subfield code="a">NALT</subfield>
    <subfield code="b">NALT</subfield>
    <subfield code="c">GEN</subfield>
    <subfield code="d">2021-07-21</subfield>
    <subfield code="o">DS 586 &#xE2A;647 2547</subfield>
    <subfield code="p">3961154850</subfield>
    <subfield code="r">2017-06-09 00:00:00</subfield>
    <subfield code="w">2017-06-09</subfield>
    <subfield code="y">GB</subfield>
  </datafield>
  <datafield tag="952" ind1=" " ind2=" ">
    <subfield code="0">0</subfield>
    <subfield code="1">0</subfield>
    <subfield code="2">lcc</subfield>
    <subfield code="4">0</subfield>
    <subfield code="7">0</subfield>
    <subfield code="8">CSEN</subfield>
    <subfield code="a">NALT</subfield>
    <subfield code="b">NALT</subfield>
    <subfield code="c">GEN</subfield>
    <subfield code="d">2022-05-06</subfield>
    <subfield code="o">DS 586 &#xE2A;647 2547</subfield>
    <subfield code="p">0100004908001</subfield>
    <subfield code="r">2022-07-20 00:00:00</subfield>
    <subfield code="w">2022-05-06</subfield>
    <subfield code="y">GB</subfield>
  </datafield>
</record>
